Identity without Selfhood: Simone de Beauvoir and Bisexuality (Cambridge Cultural Social Studies) (Record no. 614814)

MARC details
000 -LEADER
fixed length control field 00529nam a2200169 4500
008 - FIXED-LENGTH DATA ELEMENTS--GENERAL INFORMATION
fixed length control field 260221b |||||||| |||| 00| 0 eng d
020 ## - INTERNATIONAL STANDARD BOOK NUMBER
ISBN 9780521625791
Paper back/Hardbound pbk
082 ## - DEWEY DECIMAL CLASSIFICATION NUMBER
Classification number 306.766
Item number FRA
100 ## - MAIN ENTRY--AUTHOR NAME
Personal name Fraser, Mariam
245 ## - TITLE STATEMENT
Title Identity without Selfhood: Simone de Beauvoir and Bisexuality (Cambridge Cultural Social Studies)
Statement of responsibility, etc Mariam Fraser
260 ## - PUBLICATION, DISTRIBUTION, ETC. (IMPRINT)
Place of publication UK
Name of publisher Cambridge University Press
Year of publication 1999
300 ## - PHYSICAL DESCRIPTION
Number of Pages ix, 215p.
504 ## - BIBLIOGRAPHY, ETC. NOTE
Bibliography, etc Includes index
650 ## - SUBJECT ADDED ENTRY--TOPICAL TERM
Topical Term Cultural Social Studies
942 ## - ADDED ENTRY ELEMENTS (KOHA)
Koha item type English Books

No items available.

Find us on the map